La ley

Guardat en:
Dades bibliogràfiques
Autor principal: Tomás de Aquino 1220-1274 Santo (Autor)
Format: Llibre
Idioma:espanyol
Publicat: Santiago Ercilla 1988
Col·lecció:Las más grandes obras del conocimiento, 6
Matèries:
Etiquetes: Afegir etiqueta
Sense etiquetes, Sigues el primer a etiquetar aquest registre!

MARC

LEADER 00000nam a2200000 a 4500
001 UCW8775
003 CL-VaPUC
008 881026e19880000CL |||||||||||||||||spa|d
082 0 4 |a 189.4  |b TOM  |2 21 
100 |a Tomás de Aquino  |d 1220-1274  |c Santo  |e author  |9 255832 
245 1 3 |a La ley 
300 |a 173 p 
942 |c BK 
945 |d 19881026 00:00:00 
260 |a Santiago  |b Ercilla  |c 1988 
500 |a Se distribuye con revista Ercilla 
650 0 |a Filosofía del derecho   |9 255050 
650 7 |a LEGISLACION  |2 CL-VaPUC  |9 314030 
583 |a last modification  |c 19881026 00:00:00  |k Rodrigo Vera 
490 0 |a Las más grandes obras del conocimiento, 6 
999 |c 221043  |d 221041 
952 |0 0  |1 0  |4 0  |6 189_400000000000000_TOM_1988  |7 0  |8 A  |9 213962  |a BIBHIS  |b BIBHIS  |d 2019-11-15  |i 1331396  |o 189.4 TOM 1988  |p 1331396  |r 2025-01-20  |w 2019-11-15  |y BK  |k HIS